| 000 | 00392 a2200169 4500 | ||
|---|---|---|---|
| 001 | 69612 | ||
| 020 | _a857056502X | ||
| 040 | _cAnchieta - Itaigara | ||
| 100 | _aMott, Odette de Barros | ||
| 240 | 1 | 0 |
_aAventuras do escoteiro Bila _lpor |
| 245 | 1 | 0 | _aAventuras do escoteiro Bila |
| 300 | _a75 | ||
| 362 | 0 | _a1997 | |
| 440 | 1 | _aAtual | |
| 650 | 4 | _aLiteratura infanto-juvenil | |
| 942 | _cBK | ||
| 999 |
_c69612 _d69612 |
||